=LDR 00000nam 2200000 4500 =001 INLIS000000000012136 =005 20130612103657 =008 ***********************************Ind** =035 ##$$0010-061300000012136 =041 ##$$a Ind =082 ##$$a 551.48 =090 ##$$a 551.48, Mar m =100 ##$$a Martha W. Joyce =245 ##$$a Mengenal dasar-dasar Hidrologi, Joyce Martha W. , Wanay Adidarma =260 ##$$a [19...] $b Bandung =300 ##$$a vi, 321 hlm., Ilus, 21 cm =650 ##$$a Gerak air =700 ##$$a Adidarma, Wanny =850 ##$$a NBPNMAT